[Event "Victoria-ch"]
[Site "Victoria CAN"]
[Date "2026.01.10"]
[Round "3.3"]
[White "Miller, Josh"]
[Black "Patterson, Roger"]
[Result "1/2-1/2"]
[WhiteElo "1898"]
[BlackElo "2055"]
[WhiteFideId "-1"]
[BlackFideId "-1"]
[PlyCount "78"]
[GameId "2276384372527906"]
[EventDate "2026.01.09"]
[EventType "swiss"]
[EventRounds "5"]
[EventCountry "CAN"]

1. d4 Nf6 2. c4 g6 3. Nc3 d5 4. e3 Bg7 5. cxd5 Nxd5 6. Nxd5 Qxd5 7. Ne2 b6 8. Nc3 Qd7 9. Bb5 c6 10. Be2 O-O 11. O-O Bb7 12. Bf3 Na6 13. Qb3 c5 14. d5 Nc7 15. Rd1 b5 16. e4 c4 17. Qc2 Na6 18. Be2 Rfc8 19. Be3 Nc5 20. Bd4 Bxd4 21. Rxd4 e5 22. Rdd1 b4 23. Nb1 Ba6 24. Nd2 c3 25. Bxa6 Nxa6 26. Nf3 Qd6 27. Rac1 Rc7 28. bxc3 Rxc3 29. Qb2 Rac8 30. Rxc3 bxc3 31. Qb3 f6 32. h3 Qb4 33. Rc1 Qxb3 34. axb3 Kf8 35. Kf1 Nb4 36. Ke2 Na2 37. Rc2 Nb4 38. Rc1 Na2 39. Rc2 Nb4 1/2-1/2

[Event "Victoria-ch"]
[Site "Victoria CAN"]
[Date "2026.01.10"]
[Round "3.4"]
[White "Puri, Divyam"]
[Black "Lu, Karson"]
[Result "1/2-1/2"]
[WhiteElo "1625"]
[BlackElo "2035"]
[WhiteFideId "-1"]
[BlackFideId "-1"]
[PlyCount "76"]
[GameId "2276384372527907"]
[EventDate "2026.01.09"]
[EventType "swiss"]
[EventRounds "5"]
[EventCountry "CAN"]

1. e4 e5 2. Nf3 Nc6 3. Bc4 Nf6 4. O-O h6 5. d3 d6 6. h3 g6 7. c3 Bg7 8. Be3 O-O 9. Bb3 Nh5 10. d4 exd4 11. cxd4 Na5 12. Nc3 Nxb3 13. Qxb3 c6 14. Rad1 Qf6 15. e5 dxe5 16. dxe5 Qe7 17. g4 Bxe5 18. Nxe5 Qxe5 19. gxh5 Bxh3 20. Rfe1 Qxh5 21. Qc4 Rae8 22. Qf4 Re5 23. Ne2 Rf5 24. Qg3 Bg4 25. Nd4 Rxf2 26. Kxf2 Bxd1 27. Bxh6 Rd8 28. Qf4 Bg4 29. Bg5 Rf8 30. Bf6 c5 31. Re4 cxd4 32. Qxg4 Qh2+ 33. Qg2 Qxg2+ 34. Kxg2 g5 35. Rxd4 Kh7 36. Rg4 Kg6 37. Bxg5 Kf5 38. Be7 Re8 1/2-1/2

[Event "Victoria-ch"]
[Site "Victoria CAN"]
[Date "2026.01.10"]
[Round "3.5"]
[White "Campbell, Jordan"]
[Black "Sargent, Colin"]
[Result "0-1"]
[WhiteElo "1565"]
[BlackElo "1783"]
[WhiteFideId "-1"]
[BlackFideId "-1"]
[PlyCount "78"]
[GameId "2276384372527908"]
[EventDate "2026.01.09"]
[EventType "swiss"]
[EventRounds "5"]
[EventCountry "CAN"]

1. d4 d5 2. c4 c6 3. Nf3 Nf6 4. Nc3 dxc4 5. e4 b5 6. a3 Bb7 7. Be2 e6 8. O-O Be7 9. Qc2 Nbd7 10. Bf4 O-O 11. Rad1 a6 12. Ne5 Qc8 13. Nxd7 Qxd7 14. Be5 Rfd8 15. Bxf6 Bxf6 16. e5 Be7 17. f4 c5 18. dxc5 Bxc5+ 19. Kh1 Qe7 20. Ne4 Bd5 21. Rf3 Bxe4 22. Qxe4 Rxd1+ 23. Bxd1 Rd8 24. Bc2 g6 25. Qe1 Qd7 26. Qb1 Qd2 27. h4 Qe2 28. Rf1 Rd2 29. Be4 Rxb2 30. Bf3 Qd2 31. Qe4 c3 32. Qa8+ Kg7 33. Rd1 Qf2 34. Qd8 Rd2 35. Qf6+ Kg8 36. Rc1 c2 37. h5 Rd1+ 38. Kh2 Rxc1 39. hxg6 Rh1+ 0-1

[Event "Victoria-ch"]
[Site "Victoria CAN"]
[Date "2026.01.11"]
[Round "4.1"]
[White "Lai, Duc Minh"]
[Black "Sali, Zulficar"]
[Result "1-0"]
[WhiteElo "2301"]
[BlackElo "2279"]
[WhiteFideId "-1"]
[BlackFideId "-1"]
[PlyCount "155"]
[GameId "2276384372532005"]
[EventDate "2026.01.09"]
[EventType "swiss"]
[EventRounds "5"]
[EventCountry "CAN"]

1. d4 Nf6 2. c4 g6 3. Nf3 Bg7 4. g3 d6 5. Bg2 O-O 6. Nc3 c6 7. O-O Qb6 8. c5 dxc5 9. Na4 Qa5 10. Nxc5 Na6 11. Nd3 Bf5 12. Qb3 Qb6 13. Qa3 Rad8 14. Rd1 Rfe8 15. Bd2 Qb5 16. Ba5 Rd5 17. Bc3 Be4 18. Nf4 Rdd8 19. Bf1 g5 20. Ng2 Qf5 21. Ne5 Qc8 22. f3 Bf5 23. Rac1 Nd5 24. Ba5 Nb6 25. e4 Bxe5 26. dxe5 Rxd1 27. Rxd1 Bh3 28. Qe3 h6 29. Bxb6 axb6 30. Qxb6 Nc7 31. Ne3 Be6 32. a3 Rd8 33. Rd4 Kf8 34. Kf2 Rd7 35. Rxd7 Qxd7 36. Be2 Ne8 37. Qa5 b5 38. Qc3 f6 39. f4 gxf4 40. gxf4 fxe5 41. Qxe5 Nf6 42. f5 Bc4 43. Nxc4 bxc4 44. Qb8+ Kg7 45. Ke3 c5 46. Qg3+ Kf8 47. Qb8+ Kg7 48. Qe5 Kf8 49. Qxc5 Qb7 50. Qd4 Qb3+ 51. Kf2 Qc2 52. Kf3 Qb1 53. Qd8+ Ne8 54. Qd2 Nf6 55. Qxh6+ Ke8 56. Qe3 Qh1+ 57. Kg3 Nxe4+ 58. Kh3 Nf6 59. Bxc4 Qd1 60. Qf4 Qh5+ 61. Kg2 Kf8 62. b3 Kg7 63. a4 Qd1 64. a5 Qc2+ 65. Kh3 Ne4 66. a6 Qc3+ 67. Kg2 Qc2+ 68. Kg1 Qd1+ 69. Bf1 Qd4+ 70. Kg2 Qd5 71. Bc4 Qa8 72. Qf3 Kf6 73. h4 Ke5 74. Bd3 Qg8+ 75. Kh3 Nc5 76. Qg3+ Qxg3+ 77. Kxg3 Nd7 78. Kg4 1-0

[Event "Victoria-ch"]
[Site "Victoria CAN"]
[Date "2026.01.11"]
[Round "4.2"]
[White "Patterson, Roger"]
[Black "Sargent, Colin"]
[Result "1-0"]
[WhiteElo "2055"]
[BlackElo "1783"]
[WhiteFideId "-1"]
[BlackFideId "-1"]
[PlyCount "79"]
[GameId "2276384372532006"]
[EventDate "2026.01.09"]
[EventType "swiss"]
[EventRounds "5"]
[EventCountry "CAN"]

1. c4 e5 2. Nc3 Bb4 3. Nd5 a5 4. a3 Bc5 5. e3 c6 6. Nc3 d6 7. d4 Ba7 8. Nf3 Bg4 9. dxe5 Bxf3 10. Qxf3 dxe5 11. Qg3 Nd7 12. Qxg7 Qf6 13. Qxf6 Ngxf6 14. Bd3 Rd8 15. Bc2 Nc5 16. b4 Nd3+ 17. Bxd3 Rxd3 18. Bb2 Ke7 19. Ke2 Rhd8 20. Rhd1 Rxd1 21. Rxd1 axb4 22. axb4 Rxd1 23. Nxd1 Ke6 24. f3 h5 25. Kd3 Ne8 26. e4 Bg1 27. h3 Nd6 28. c5 Nb5 29. g4 Nd4 30. Bxd4 Bxd4 31. gxh5 Kf6 32. f4 Ba1 33. fxe5+ Bxe5 34. Ne3 Bc7 35. Nf5 b5 36. h6 Be5 37. Nd4 Kg6 38. Nxc6 Bb2 39. Nd4 Kxh6 40. c6 1-0

[Event "Victoria-ch"]
[Site "Victoria CAN"]
[Date "2026.01.11"]
[Round "4.3"]
[White "Lu, Karson"]
[Black "Miller, Josh"]
[Result "1/2-1/2"]
[WhiteElo "2035"]
[BlackElo "1898"]
[WhiteFideId "-1"]
[BlackFideId "-1"]
[PlyCount "58"]
[GameId "2276384372536103"]
[EventDate "2026.01.09"]
[EventType "swiss"]
[EventRounds "5"]
[EventCountry "CAN"]

1. d4 d5 2. c4 e6 3. Nc3 Be7 4. cxd5 exd5 5. Nf3 c6 6. Bf4 Bf5 7. a3 a5 8. e3 Nd7 9. Be2 h6 10. Ne5 Nxe5 11. Bxe5 Nf6 12. Rc1 Ne4 13. Bg4 Nxc3 14. Rxc3 Bxg4 15. Qxg4 Bf6 16. Qf5 Qd7 17. Qxd7+ Kxd7 18. Bxf6 gxf6 19. f3 f5 20. Kf2 a4 21. h4 Ra5 22. Rc2 Rb5 23. g4 fxg4 24. fxg4 Rb3 25. Rh3 Rg8 26. Kf3 Re8 27. Kf2 Rg8 28. Kf3 Re8 29. Kf2 Rg8 1/2-1/2

[Event "Victoria-ch"]
[Site "Victoria CAN"]
[Date "2026.01.11"]
[Round "4.4"]
[White "Bulga, Tamir"]
[Black "Puri, Divyam"]
[Result "1-0"]
[WhiteElo "1967"]
[BlackElo "1625"]
[WhiteFideId "-1"]
[BlackFideId "-1"]
[PlyCount "133"]
[GameId "2276384372536104"]
[EventDate "2026.01.09"]
[EventType "swiss"]
[EventRounds "5"]
[EventCountry "CAN"]

1. Nf3 d5 2. d3 c5 3. Nc3 g6 4. e4 d4 5. Ne2 Bg7 6. g3 Nc6 7. Bg2 Nf6 8. O-O O-O 9. Ne1 e5 10. h3 Ne8 11. f4 f5 12. exf5 Bxf5 13. fxe5 Bxe5 14. Nf3 Bg7 15. Nf4 Nc7 16. Bd2 Nd5 17. Nxd5 Qxd5 18. g4 Be6 19. Ng5 Qd7 20. Ne4 b6 21. Qe2 Bd5 22. Rxf8+ Rxf8 23. Rf1 Rxf1+ 24. Qxf1 Bxe4 25. Bxe4 Nb4 26. Qg2 Qd6 27. Bg5 Bf6 28. Bc1 Qe7 29. g5 Bg7 30. h4 Be5 31. h5 gxh5 32. g6 hxg6 33. a3 Na6 34. Bh6 Nc7 35. Qxg6+ Kh8 36. Bf8 Qd7 37. Bf5 Ne6 38. Bxe6 Qh7 39. Qxh7+ Kxh7 40. Bf7 h4 41. Kg2 Bf4 42. a4 Bh6 43. Bd6 Kg7 44. Bc4 Bd2 45. Bb8 Kf6 46. Bxa7 Ba5 47. Bb8 Kf5 48. Kh3 Kg5 49. Bc7 Kh5 50. Bd8 Kg6 51. Be6 Kh5 52. Bf7+ Kh6 53. Bxh4 Kg7 54. Be6 Kf8 55. Kg4 Ke8 56. Bf6 Bd2 57. Kf5 Kf8 58. Ke4 Ke8 59. Kd5 Ba5 60. Kc6 Kf8 61. Bd8 b5 62. Bxa5 bxa4 63. Kxc5 a3 64. bxa3 Ke7 65. Kd5 Ke8 66. Bb4 Kd8 67. Bd6 1-0

[Event "Victoria-ch"]
[Site "Victoria CAN"]
[Date "2026.01.11"]
[Round "4.5"]
[White "Forman, Ken"]
[Black "Armstrong, David"]
[Result "0-1"]
[WhiteElo "1762"]
[BlackElo "2018"]
[WhiteFideId "-1"]
[BlackFideId "-1"]
[PlyCount "100"]
[GameId "2276384372536105"]
[EventDate "2026.01.09"]
[EventType "swiss"]
[EventRounds "5"]
[EventCountry "CAN"]

1. e4 e6 2. d4 d5 3. Nc3 Bb4 4. e5 Ne7 5. a3 Bxc3+ 6. bxc3 b6 7. Bd3 Ba6 8. Bg5 Bxd3 9. Qxd3 h6 10. Bxe7 Qxe7 11. Nf3 Qd7 12. O-O Qa4 13. Nd2 c5 14. dxc5 bxc5 15. c4 dxc4 16. Qxc4 Qxc4 17. Nxc4 Nc6 18. c3 Ke7 19. Rab1 Rab8 20. f4 f6 21. Rfd1 fxe5 22. fxe5 Rxb1 23. Rxb1 Rb8 24. Rxb8 Nxb8 25. Kf2 Kd7 26. Ke3 Kc6 27. Ke4 Kb5 28. Nd6+ Ka4 29. Nb7 Nd7 30. Nd8 Nf8 31. Nb7 Kb3 32. Nxc5+ Kxc3 33. Na6 Nd7 34. g3 Kc4 35. Nc7 Nc5+ 36. Ke3 a5 37. a4 g6 38. h3 g5 39. g4 Kc3 40. Nb5+ Kb4 41. Kd4 Nxa4 42. Nc7 Nc5 43. Nxe6 Nxe6+ 44. Kd5 Nf4+ 45. Kd6 a4 46. e6 Nxe6 47. Kxe6 a3 48. Kf6 a2 49. Kg6 a1=Q 50. Kxh6 Qf6+ 0-1

[Event "Victoria-ch"]
[Site "Victoria CAN"]
[Date "2026.01.11"]
[Round "4.10"]
[White "McLaren, Brian"]
[Black "Sowmiya Narayanan, Seshadri Sai"]
[Result "1-0"]
[WhiteElo "2049"]
[BlackElo "1922"]
[WhiteFideId "-1"]
[BlackFideId "-1"]
[PlyCount "95"]
[GameId "2276384372540202"]
[EventDate "2026.01.09"]
[EventType "swiss"]
[EventRounds "5"]
[EventCountry "CAN"]

1. e4 c5 2. Nc3 d6 3. g3 Nc6 4. Bg2 g6 5. Nge2 Bg7 6. d3 Rb8 7. O-O e6 8. Be3 b5 9. Qd2 b4 10. Nd1 h5 11. h3 Nd4 12. Nc1 Ne7 13. c3 Ndc6 14. Re1 O-O 15. Ne2 a5 16. Rc1 Qd7 17. d4 cxd4 18. Nxd4 Nxd4 19. Bxd4 Rd8 20. Bxg7 Kxg7 21. c4 Bb7 22. Qg5 Qc7 23. Qe3 Qc5 24. b3 Nc6 25. Nb2 Qxe3 26. Rxe3 Nd4 27. f4 Ba6 28. Kf2 Kf6 29. e5+ Ke7 30. Nd3 Nf5 31. Re2 Rbc8 32. exd6+ Rxd6 33. Ne5 Rc5 34. g4 hxg4 35. hxg4 Ng7 36. Rh1 Rd4 37. Nc6+ Rxc6 38. Bxc6 Rxf4+ 39. Kg3 Rd4 40. Rh8 Rd6 41. Bf3 Ne8 42. Kf2 Nf6 43. Ke3 Nd7 44. Rd2 Rxd2 45. Kxd2 Nc5 46. Ra8 Kf6 47. Ra7 e5 48. Bd5 1-0

[Event "Victoria-ch"]
[Site "Victoria CAN"]
[Date "2026.01.11"]
[Round "5.2"]
[White "Lu, Karson"]
[Black "Bulga, Tamir"]
[Result "1-0"]
[WhiteElo "2035"]
[BlackElo "1967"]
[WhiteFideId "-1"]
[BlackFideId "-1"]
[PlyCount "143"]
[GameId "2276384372540204"]
[EventDate "2026.01.09"]
[EventType "swiss"]
[EventRounds "5"]
[EventCountry "CAN"]

1. d4 Nf6 2. c4 d6 3. Nc3 g6 4. Nf3 Bg7 5. Bg5 Bg4 6. e3 Nbd7 7. Be2 O-O 8. O-O Rb8 9. Qc2 Bxf3 10. Bxf3 e5 11. Rad1 h6 12. Bh4 g5 13. Bg3 Qe7 14. Qf5 Rfe8 15. Nb5 e4 16. Be2 Nf8 17. c5 Red8 18. Rc1 Ne8 19. cxd6 cxd6 20. Nc3 Nf6 21. Bd1 Ra8 22. Bc2 d5 23. Bb3 Qe6 24. Qxe6 fxe6 25. h3 a6 26. Na4 N6d7 27. Bd6 Rac8 28. Bc7 Re8 29. Ba5 b5 30. Nb6 Nxb6 31. Bxb6 Nd7 32. Bc7 Bf6 33. Rc2 Bd8 34. Rfc1 Nb6 35. Bxb6 Rxc2 36. Rxc2 Bxb6 37. Rc6 Bd8 38. Rxa6 Kf7 39. Ra7+ Be7 40. Rc7 b4 41. f3 exf3 42. gxf3 Kf6 43. Rc6 Kf5 44. Bc2+ Kf6 45. Kf2 Rd8 46. Bb3 Rd6 47. Rc7 Rd8 48. Ke2 Bd6 49. Rc6 h5 50. e4 dxe4 51. fxe4 e5 52. d5 Ke7 53. Rc1 Rf8 54. Rg1 Rf4 55. Kd3 Rf3+ 56. Kc4 Kf6 57. Rh1 Rf2 58. Kb5 Rf4 59. Kc6 Ke7 60. Rg1 g4 61. hxg4 Rxg4 62. Rxg4 hxg4 63. Bd1 g3 64. Bf3 Bb8 65. a4 bxa3 66. bxa3 Bd6 67. a4 Bb4 68. Bg2 Bc3 69. Kb6 Bd4+ 70. Kc7 Bc5 71. a5 Bd6+ 72. Kb7 1-0

[Event "Victoria-ch"]
[Site "Victoria CAN"]
[Date "2026.01.11"]
[Round "5.3"]
[White "Armstrong, David"]
[Black "Shumeyko, Denis"]
[Result "1/2-1/2"]
[WhiteElo "2018"]
[BlackElo "1694"]
[WhiteFideId "-1"]
[BlackFideId "-1"]
[PlyCount "90"]
[GameId "2276384372544301"]
[EventDate "2026.01.09"]
[EventType "swiss"]
[EventRounds "5"]
[EventCountry "CAN"]

1. e4 c6 2. d4 d5 3. Nc3 dxe4 4. Nxe4 Nf6 5. Nxf6+ exf6 6. Bc4 Bd6 7. Qe2+ Be7 8. Nf3 O-O 9. O-O Bd6 10. c3 Re8 11. Qd1 Nd7 12. Re1 Rxe1+ 13. Nxe1 Qc7 14. h3 Nf8 15. Nd3 Bd7 16. Qf3 Ng6 17. Bd2 Re8 18. Re1 Qc8 19. Rxe8+ Qxe8 20. Kf1 Be6 21. Qe2 Qe7 22. Bxe6 Qxe6 23. Qxe6 fxe6 24. Ke2 Kf7 25. Be3 b6 26. a4 e5 27. a5 exd4 28. Bxd4 c5 29. Be3 Ke6 30. c4 Kd7 31. axb6 axb6 32. g3 Ne5 33. Nxe5+ Bxe5 34. b3 Ke6 35. Kd3 f5 36. Bg5 Bf6 37. Bd2 Bd4 38. f3 g6 39. g4 Be5 40. Be3 Bd6 41. Bg5 Bc7 42. Bd2 Be5 43. b4 Bd4 44. bxc5 Bxc5 45. Bc3 Kd6 1/2-1/2

[Event "Victoria-ch"]
[Site "Victoria CAN"]
[Date "2026.01.11"]
[Round "5.4"]
[White "Miller, Josh"]
[Black "Manguerra, Raymond"]
[Result "0-1"]
[WhiteElo "1898"]
[BlackElo "1799"]
[WhiteFideId "-1"]
[BlackFideId "-1"]
[PlyCount "94"]
[GameId "2276384372544302"]
[EventDate "2026.01.09"]
[EventType "swiss"]
[EventRounds "5"]
[EventCountry "CAN"]

1. d4 Nf6 2. c4 e6 3. Nc3 Bb4 4. Qc2 b6 5. Bg5 Bb7 6. a3 Bxc3+ 7. Qxc3 d6 8. Nf3 Nbd7 9. Nd2 Qe7 10. e4 e5 11. Bd3 h6 12. Bh4 c5 13. d5 g5 14. Bg3 Nf8 15. h4 Rg8 16. h5 N8d7 17. a4 a5 18. Nb1 Nb8 19. Na3 Na6 20. Nb5 Nb4 21. Nxd6+ Qxd6 22. Bxe5 Nxd3+ 23. Qxd3 Qxe5 24. f3 g4 25. O-O-O O-O-O 26. Qe3 gxf3 27. gxf3 Rg2 28. Rd2 Rdg8 29. Qxh6 Ba6 30. Rhd1 Rxd2 31. Rxd2 Bxc4 32. f4 Bb3 33. Rg2 Qxe4 34. Rxg8+ Kd7 35. Rd8+ Kxd8 36. Qxf6+ Ke8 37. Qe5+ Qxe5 38. fxe5 Bxd5 39. Kd2 Kf8 40. Ke3 Kg7 41. Kf4 Bb3 42. Kf5 Bxa4 43. e6 fxe6+ 44. Kxe6 Bd1 45. Kd6 c4 46. Kc6 a4 47. Kb5 a3 0-1

[Event "Victoria-ch"]
[Site "Victoria CAN"]
[Date "2026.01.11"]
[Round "5.5"]
[White "Zarikoff, Nikolai"]
[Black "Holmgren, Emilian"]
[Result "1-0"]
[WhiteElo "1731"]
[BlackElo "1809"]
[WhiteFideId "-1"]
[BlackFideId "-1"]
[PlyCount "46"]
[GameId "2276384372544303"]
[EventDate "2026.01.09"]
[EventType "swiss"]
[EventRounds "5"]
[EventCountry "CAN"]

1. e4 e5 2. Nf3 Nc6 3. d4 exd4 4. Bc4 Nf6 5. e5 d5 6. Bb5 Ne4 7. Nxd4 Bc5 8. Nxc6 Bxf2+ 9. Kf1 bxc6 10. Bxc6+ Kf8 11. Qd3 Qh4 12. Nc3 Be1 13. Be3 Bf5 14. Rxe1 Ng3+ 15. hxg3 Bxd3+ 16. Kf2 Qc4 17. Bxa8 Be4 18. Rd1 c6 19. Rd4 Qa6 20. Nxe4 Qc8 21. Bxc6 Qxc6 22. Nc3 f6 23. exf6 Qxf6+ 1-0

[Event "Victoria-ch"]
[Site "Victoria CAN"]
[Date "2026.01.11"]
[Round "5.6"]
[White "Sali, Zulficar"]
[Black "Tripathi, Ishan"]
[Result "1-0"]
[WhiteElo "2279"]
[BlackElo "1680"]
[WhiteFideId "-1"]
[BlackFideId "-1"]
[PlyCount "79"]
[GameId "2276384372548400"]
[EventDate "2026.01.09"]
[EventType "swiss"]
[EventRounds "5"]
[EventCountry "CAN"]

1. e4 e6 2. d4 d5 3. Nc3 Nf6 4. e5 Nfd7 5. f4 c5 6. Nf3 Nc6 7. Be3 Qb6 8. Na4 Qa5+ 9. c3 cxd4 10. b4 Qc7 11. Nxd4 Be7 12. Bd3 Nxd4 13. Bxd4 Nb8 14. O-O g6 15. Rc1 O-O 16. Qe1 Bd7 17. Nc5 b6 18. Nb3 Nc6 19. b5 Nxd4 20. cxd4 Qb7 21. g4 Rac8 22. Rd1 f6 23. Qd2 fxe5 24. fxe5 Kg7 25. g5 Qc7 26. Rf6 Bxf6 27. gxf6+ Kh8 28. Qh6 Rf7 29. Kf2 Rg8 30. Rc1 Qd8 31. Rg1 Qf8 32. Qh4 Be8 33. Qg4 Rc7 34. Qxe6 Bf7 35. Qg4 Rc3 36. Rg3 Qc8 37. Qe2 Qe6 38. Qd2 Rcc8 39. Qh6 Qe8 40. Qxh7+ 1-0

[Event "Victoria-ch U1550"]
[Site "Victoria CAN"]
[Date "2026.01.09"]
[Round "1.28"]
[White "Brown, Daisy"]
[Black "Agahchen, David"]
[Result "0-1"]
[WhiteElo "850"]
[BlackElo "1366"]
[WhiteFideId "-1"]
[BlackFideId "-1"]
[PlyCount "116"]
[GameId "2276384372503320"]
[EventDate "2026.01.09"]
[EventType "swiss"]
[EventRounds "5"]
[EventCountry "CAN"]

1. e4 c6 2. d4 d5 3. exd5 cxd5 4. Nf3 Bf5 5. Bb5+ Nc6 6. Ne5 Qa5+ 7. Nc3 a6 8. Bxc6+ bxc6 9. Qh5 g6 10. Qf3 Qc7 11. Bf4 Qc8 12. O-O-O f6 13. Nd3 Bg4 14. Qe3 Bxd1 15. Nxd1 g5 16. Bd6 Qd7 17. Ba3 h5 18. Nc5 Qc8 19. Ne6 Nh6 20. Nxf8 Nf5 21. Qe2 Rxf8 22. Re1 Ra7 23. Qxh5+ Kd8 24. Qe2 Nxd4 25. Bxe7+ Ke8 26. Bc5+ Nxe2+ 27. Rxe2+ Kf7 28. Bxa7 Re8 29. Rxe8 Qxe8 30. Ne3 d4 31. Bxd4 Qe6 32. b3 f5 33. g3 Qe4 34. Bc3 f4 35. Nc4 Qh1+ 36. Kb2 Qxh2 37. gxf4 gxf4 38. Ne5+ Ke8 39. Bd2 Qxf2 40. Bc3 c5 41. Nc4 f3 42. Nd2 Qe2 43. Ba5 f2 44. Bc3 f1=Q 45. Nxf1 Qxf1 46. Ba5 Qf6+ 47. Bc3 Qe6 48. Ba5 c4 49. Bc3 cxb3 50. cxb3 Qe2+ 51. Kb1 Kd7 52. Bb2 Kc6 53. Bc3 Kb5 54. a4+ Kc5 55. Kc1 Qa2 56. b4+ Kc4 57. Bd2 Kd3 58. Be1 Qa1# 0-1

[Event "Victoria-ch U1550"]
[Site "Victoria CAN"]
[Date "2026.01.09"]
[Round "1.27"]
[White "Deimert, Elroy"]
[Black "McPherson, Jenna"]
[Result "1/2-1/2"]
[WhiteElo "1405"]
[BlackElo "1009"]
[WhiteFideId "-1"]
[BlackFideId "-1"]
[PlyCount "121"]
[GameId "2276384372507417"]
[EventDate "2026.01.09"]
[EventType "swiss"]
[EventRounds "5"]
[EventCountry "CAN"]

1. e4 e5 2. Nf3 Nc6 3. Nc3 Nf6 4. d4 d6 5. dxe5 dxe5 6. Qxd8+ Kxd8 7. Bg5 Be7 8. O-O-O+ Bd7 9. Bc4 h6 10. Bh4 g5 11. Bg3 Ke8 12. Nxe5 Nxe5 13. Bxe5 c6 14. Bxf6 Bxf6 15. Bxf7+ Ke7 16. Bh5 Rad8 17. Rd3 Be6 18. Rxd8 Rxd8 19. h3 Bxc3 20. bxc3 Bxa2 21. Be2 b5 22. h4 Kf6 23. hxg5+ Kxg5 24. Rh5+ Kg6 25. Rc5 Rc8 26. f4 a5 27. Kb2 Bf7 28. Bh5+ Kg7 29. Bxf7 Kxf7 30. g4 Rg8 31. Rxc6 Rxg4 32. Rxh6 Rxf4 33. e5 Ke7 34. Rb6 b4 35. cxb4 axb4 36. Kb3 Re4 37. Rxb4 Rxe5 38. Rd4 Rb5+ 39. Kc4 Rb8 40. Rd5 Rc8+ 41. Rc5 Rg8 42. Rd5 Rc8+ 43. Rc5 Rg8 44. Kb5 Rb8+ 45. Ka6 Kd6 46. Rc3 Kd5 47. Ka7 Rb2 48. Rc8 Kd4 49. c3+ Kd3 50. c4 Ra2+ 51. Kb6 Rb2+ 52. Kc5 Rc2 53. Kd5 Ke3 54. c5 Rd2+ 55. Ke5 Rd4 56. c6 Re4+ 57. Kd5 Rd4+ 58. Kc5 Kd3 59. c7 Rc4+ 60. Kb5 Kc3 61. Rg8 1/2-1/2

[Event "Winnipeg TNT 2026.01"]
[Site "Winnipeg CAN"]
[Date "2026.01.06"]
[Round "1.1"]
[White "Protsiuk, Svitlana"]
[Black "Curtis, Rory"]
[Result "1/2-1/2"]
[WhiteElo "2090"]
[BlackElo "1755"]
[WhiteFideId "-1"]
[BlackFideId "-1"]
[PlyCount "88"]
[GameId "2274319460473624"]
[EventDate "2026.01.06"]
[EventType "swiss"]
[EventRounds "4"]
[EventCountry "CAN"]

1. e4 e5 2. Nc3 Nf6 3. g3 d5 4. exd5 Nxd5 5. Bg2 c6 6. Nge2 Be7 7. O-O O-O 8. h3 Be6 9. d3 Nd7 10. Kh2 f5 11. f4 h5 12. fxe5 Nxe5 13. Nf4 Nxf4 14. gxf4 Nd7 15. Qxh5 Rf6 16. Be3 Rh6 17. Qe2 Nf6 18. Kg1 Nh5 19. Qf3 Qe8 20. Rae1 Qg6 21. d4 Ng3 22. Rf2 Bh4 23. Rd1 Re8 24. Rfd2 Ne4 25. Nxe4 fxe4 26. Qf1 Bxh3 27. f5 Bxf5 28. Bxh6 gxh6 29. Kh1 e3 30. Re2 Bg4 31. Bf3 Rf8 32. Rxe3 Bg5 33. Qc4+ Kh8 34. Bxg4 Bxe3 35. d5 Rf4 36. Qc3+ Qg7 37. Qxg7+ Kxg7 38. Bc8 cxd5 39. Bxb7 d4 40. Ba6 Kf6 41. Bd3 h5 42. Kg2 Kg5 43. Rf1 h4 44. Rxf4 Bxf4 1/2-1/2

[Event "Winnipeg TNT 2026.01"]
[Site "Winnipeg CAN"]
[Date "2026.01.06"]
[Round "1.2"]
[White "Sharma, Sushant"]
[Black "Hassain, Mahmud"]
[Result "0-1"]
[WhiteElo "1720"]
[BlackElo "2008"]
[WhiteFideId "-1"]
[BlackFideId "-1"]
[PlyCount "60"]
[GameId "2274319460535065"]
[EventDate "2026.01.06"]
[EventType "swiss"]
[EventRounds "4"]
[EventCountry "CAN"]

1. d4 Nf6 2. c4 g6 3. Nf3 Bg7 4. e3 O-O 5. Be2 d6 6. O-O c6 7. Nbd2 Re8 8. a4 Nbd7 9. a5 Qc7 10. b3 h6 11. h3 g5 12. Qc2 Nf8 13. Bb2 e5 14. dxe5 dxe5 15. Ne4 Nxe4 16. Qxe4 f5 17. Qc2 c5 18. Rfd1 Be6 19. a6 b6 20. Ne1 e4 21. Bxg7 Qxg7 22. Rd6 Qxa1 23. Kf1 Qe5 24. Rd2 Rad8 25. Bh5 Bf7 26. Be2 Ne6 27. Qd1 Qh2 28. Bf3 Qh1+ 29. Ke2 exf3+ 30. gxf3 Nf4# 0-1

[Event "Winnipeg TNT 2026.01"]
[Site "Winnipeg CAN"]
[Date "2026.01.06"]
[Round "1.3"]
[White "Wang, Muyu"]
[Black "Letain, Cory"]
[Result "1-0"]
[WhiteElo "1976"]
[BlackElo "1715"]
[WhiteFideId "-1"]
[BlackFideId "-1"]
[PlyCount "75"]
[GameId "2274319460535066"]
[EventDate "2026.01.06"]
[EventType "swiss"]
[EventRounds "4"]
[EventCountry "CAN"]

1. d4 d5 2. Nc3 g6 3. Bf4 Bg7 4. Qd2 Nf6 5. Bh6 O-O 6. Bxg7 Kxg7 7. e3 Nc6 8. a3 e5 9. dxe5 Nxe5 10. O-O-O b5 11. Nxd5 Be6 12. Nxf6 Qxf6 13. f4 Nc4 14. Bxc4 bxc4 15. Nf3 Rfd8 16. Qa5 Rdb8 17. Qe5 Rb7 18. c3 Rab8 19. Qxf6+ Kxf6 20. Rd2 Bf5 21. Re1 Bd3 22. Ne5 Kf5 23. g4+ Ke4 24. Nd7 Rb5 25. Nxb8 Rxb8 26. Rf2 a5 27. f5 g5 28. f6 Rb5 29. a4 Rd5 30. h4 h6 31. hxg5 hxg5 32. Kd2 Bf1+ 33. Kc1 Bh3 34. Rd2 Rd3 35. Rxd3 cxd3 36. Kd2 Bxg4 37. Rg1 Kf3 38. b4 1-0

[Event "Winnipeg TNT 2026.01"]
[Site "Winnipeg CAN"]
[Date "2026.01.06"]
[Round "1.4"]
[White "Gannon, Keith"]
[Black "Nagelberg, Alan"]
[Result "0-1"]
[WhiteElo "1575"]
[BlackElo "1966"]
[WhiteFideId "-1"]
[BlackFideId "-1"]
[PlyCount "110"]
[GameId "2274319460600603"]
[EventDate "2026.01.06"]
[EventType "swiss"]
[EventRounds "4"]
[EventCountry "CAN"]

1. Nc3 d5 2. d4 Bf5 3. Nf3 e6 4. e3 Nd7 5. Be2 Ngf6 6. Bd2 c5 7. O-O Bd6 8. Nb5 Bb8 9. c4 O-O 10. cxd5 Nxd5 11. Rc1 cxd4 12. Nfxd4 Be4 13. Nf3 Qf6 14. Nc3 Nxc3 15. Bxc3 Qh6 16. h3 Nf6 17. Bxf6 gxf6 18. Qd4 Bd5 19. a3 Kh8 20. Qh4 Qxh4 21. Nxh4 Be5 22. Bf3 Bxf3 23. Nxf3 Bxb2 24. Rb1 Bxa3 25. Rxb7 Kg7 26. Ra1 Bc5 27. Rc7 Bb6 28. Rc2 Rac8 29. Rxc8 Rxc8 30. Rb1 Rc2 31. Ne1 Rc3 32. g3 Bc5 33. Ng2 Ba3 34. Kh2 a5 35. f4 f5 36. g4 fxg4 37. hxg4 Bc5 38. e4 a4 39. e5 a3 40. Ra1 Bd4 41. Ra2 Rb3 42. Rd2 Bb2 43. f5 Bxe5+ 44. Kg1 exf5 45. gxf5 Bb2 46. Ne1 a2 47. Rd1 a1=Q 48. Rxa1 Bxa1 49. Nc2 Be5 50. Ne1 Rb1 51. Kf2 Bg3+ 52. Kxg3 Rxe1 53. Kg4 Rf1 54. Kg5 Rf2 55. Kg4 Kf6 0-1

[Event "Winnipeg TNT 2026.01"]
[Site "Winnipeg CAN"]
[Date "2026.01.06"]
[Round "1.5"]
[White "Zhou, Zixuan"]
[Black "Wang, Xiuwen"]
[Result "1-0"]
[WhiteElo "1908"]
[BlackElo "1546"]
[WhiteFideId "-1"]
[BlackFideId "-1"]
[PlyCount "63"]
[GameId "2274319460600604"]
[EventDate "2026.01.06"]
[EventType "swiss"]
[EventRounds "4"]
[EventCountry "CAN"]

1. Nf3 Nf6 2. c4 c6 3. Nc3 d5 4. e3 Bf5 5. b3 e6 6. Bb2 Bb4 7. Be2 O-O 8. O-O Nbd7 9. d4 Qc7 10. Rc1 e5 11. dxe5 Nxe5 12. cxd5 Nxf3+ 13. Bxf3 Rad8 14. Nb5 Qe7 15. Nd4 Be4 16. dxc6 bxc6 17. Bxe4 Qxe4 18. Rxc6 Be7 19. Qf3 Rd5 20. Qxe4 Nxe4 21. Rfc1 Bd6 22. f3 Ng5 23. e4 Bxh2+ 24. Kxh2 h6 25. exd5 Kh7 26. d6 f5 27. d7 f4 28. Rc8 Rxc8 29. dxc8=Q h5 30. Qf5+ g6 31. Rc7+ Kg8 32. Qc8# 1-0